Miami en images - Statistiques

Statistiques générales
  • Ce quiz a été pris 88 fois
  • Le résultat moyen est 9 sur 15
Statistiques - réponses
Par images Hint Réponse % Correct
État Floride
99%
Chaîne de fast food Burger King
97%
Symbole de la ville Palmier
96%
Plus grande diaspora dans la ville Cuba
87%
Zone géographique Triangle des Bermudes
73%
Franchise de basketball Heat de Miami
72%
Rappeur Pitbull
64%
Chanteur né à Miami Jason Derulo
63%
Parc national Everglades
55%
Club de football Inter Miami
54%
Film Scarface
51%
Film Bad Boys
38%
Ville voisine Miami Beach
24%
Style architectural Art deco
18%
Tour / Musée Freedom Tower
1%
Aucun quiz correspondant
Distribution des résultats
% des personnes avec chaque résultat
Percentile par nombre de réponses
Votre historique - résultats
Vous n’avez pas pris ce quiz